| 000 | 00373nam a2200145Ia 4500 | ||
|---|---|---|---|
| 008 | 230312s9999||||xx |||||||||||||| ||und|| | ||
| 020 | _a0-7619-7212-9 | ||
| 082 |
_a652.4038 _bMAN |
||
| 245 | 0 | _aManaging Knowledge | |
| 260 |
_bOpen University _aNew Delhi _c2002 |
||
| 300 | _a395 | ||
| 546 | _aEng. | ||
| 650 |
_aManagement _vManaging Knowing in a new century |
||
| 942 | _cBK | ||
| 999 |
_c1275 _d1275 |
||